婚丧喜庆文书写作 (Record no. 52310)

000 -LEADER
fixed length control field 00468nam a22001937a 4500
003 - CONTROL NUMBER IDENTIFIER
control field MPLRDC
005 - DATE AND TIME OF LATEST TRANSACTION
control field 20220104151320.0
008 - FIXED-LENGTH DATA ELEMENTS--GENERAL INFORMATION
fixed length control field 210129b ||||| |||| 00| 0 eng d
020 ## - INTERNATIONAL STANDARD BOOK NUMBER
International Standard Book Number 7-80607-689-1
082 ## - DEWEY DECIMAL CLASSIFICATION NUMBER
Classification number 802.791 YZS-2
100 ## - MAIN ENTRY--PERSONAL NAME
Personal name 颜建松编著
245 ## - TITLE STATEMENT
Title 婚丧喜庆文书写作
Statement of responsibility, etc.
250 ## - EDITION STATEMENT
Edition statement 初版
260 ## - PUBLICATION, DISTRIBUTION, ETC.
Place of publication, distribution, etc.
Name of publisher, distributor, etc. 珠海出版社
Date of publication, distribution, etc. 2000
300 ## - PHYSICAL DESCRIPTION
Other physical details
490 ## - SERIES STATEMENT
Series statement 常用文书写作指南
650 ## - SUBJECT ADDED ENTRY--TOPICAL TERM
Topical term or geographic name entry element
942 ## - ADDED ENTRY ELEMENTS (KOHA)
Koha item type Book
-- 802.791 YZS-2
Holdings
Withdrawn status Lost status Source of classification or shelving scheme Damaged status Not for loan Collection code Home library Current library Shelving location Date acquired Cost, normal purchase price Total Checkouts Full call number Barcode Date last seen Date last checked out Price effective from Koha item type Public note
  Lost         Malaysian Public Library, Research and Development Centre Malaysian Public Library, Research and Development Centre   10/12/2007 10.00   802.791 YZS-2 00052488 18/03/2021 11/09/2009 18/03/2021 Book mplrdc

© 2022. Malaysian Public Library, Research and Development Centre. All Right ReservedE-mailmplrdc@help.edu.my 

Powered by Koha